La felicità /

Il cardine di Seneca è che la felicità sia una vetta da conquistare in solitaria, praticando virtù ed eliminando i desideri. Poichè diventare virtuosi è difficile, la felicità è affare impervio. Siamo attirati dalle cose e riteniamo che sia il possesso di queste a renderci felici tanto da far defini...

詳細記述

保存先:
書誌詳細
第一著者: Seneca, Lucius Annaeus (4 a.C.-65) (著者)
その他の著者: Scaffidi Abbate, Mario (編集者)
フォーマット: 図書
言語:イタリア語
ラテン語
出版事項: Roma : TEN, 1993
版:3. ed
シリーズ:Centopaginemillelire ; 33
主題:
タグ: タグ追加
タグなし, このレコードへの初めてのタグを付けませんか!

MARC

LEADER 00000nam a22000007i 4500
001 IT\ICCU\CFI\0258041
003 ItRI
005 20260115231932.0
008 940216s1993 it |||||| ||||| |||||c
020 |a 8879830023 
040 |b ita  |c importazione bologna sebina 
041 7 |a ita  |a lat  |2 ISO-639-2 
082 |a 188  |9 FILOSOFIA STOICA  |2 19 
100 1 |a Seneca, Lucius Annaeus  |c  (4 a.C.-65)  |0 IT\ICCU\CFIV\011797  |4 aut 
240 1 0 |a De vita beata  |3 IT\ICCU\CFI\0159912  |9 Seneca, Lucius Annaeus <4 a.C.-65> 
245 1 3 |a La felicità /  |c Seneca ; cura e versione di Mario Scaffidi Abbate. 
250 |a 3. ed 
260 |a Roma :  |b TEN,  |c 1993 
300 |a 94 p. ;  |c 20 cm 
500 |a Ed. integrale 
500 |a Testo orig. a fronte 
520 |a Il cardine di Seneca è che la felicità sia una vetta da conquistare in solitaria, praticando virtù ed eliminando i desideri. Poichè diventare virtuosi è difficile, la felicità è affare impervio. Siamo attirati dalle cose e riteniamo che sia il possesso di queste a renderci felici tanto da far definitivamente dichiarare a Seneca che la vera felicità è non aver bisogno di felicità, cioè di beni. Intanto, la più volte citata statistica del TIME riporta che le persone sono più felici quando possono acquistare beni non strettamente necessari (fuori del nostro famigerato paniere ISTAT, cioè). Una domanda: ma il podolico è inserito nel paniere? Secondo Lucio Anneo (il quale non visse proprio esattamente come predicava, diciamocelo pure), le felicità legate ai beni sono mutevoli, in quanto se ne desidereranno sempre di più, specialmente se ci soffermiamo a considerare beni e felicità altrui: ci paiono sempre migliori e più desiderabili dei nostri. Infatti, scriveva così: «Giammai sarai felice finché accetterai di tormentarti per il fatto che qualcuno sia più felice di te». L’invidia è una brutta cosa, con l’aggravante di riuscire ad invidiare con maggiore intensità le persone che sono a noi più vicine e simili. Questa attitudine nel confronti del prossimo più prossimo ci rende infernale la vita. 
650 7 |a Filosofia 
650 7 |a Stoicismo 
700 1 |a Scaffidi Abbate, Mario  |0 IT\ICCU\RAVV\050440  |4 edt 
790 0 |a Pseudo-Seneca  |3 IT\ICCU\CFIV\283387  |z Seneca, Lucius Annaeus (4 a.C.-65) 
790 0 |a Seneca  |3 IT\ICCU\CFIV\159431  |z Seneca, Lucius Annaeus (4 a.C.-65) 
790 0 |a Seneca  |c  (pseudo)  |3 IT\ICCU\CFIV\283388  |z Seneca, Lucius Annaeus (4 a.C.-65) 
790 1 |a Seneca, Anneo  |3 IT\ICCU\MESV\000892  |z Seneca, Lucius Annaeus (4 a.C.-65) 
790 1 |a Seneca, L. Annaeus  |3 IT\ICCU\CFIV\125990  |z Seneca, Lucius Annaeus (4 a.C.-65) 
790 1 |a Seneca, L. Anneo  |3 IT\ICCU\CFIV\163206  |z Seneca, Lucius Annaeus (4 a.C.-65) 
790 1 |a Seneca, Lucio Anneo  |3 IT\ICCU\SBNV\036240  |z Seneca, Lucius Annaeus (4 a.C.-65) 
790 1 |a Seneka, Liucijus Anëjus  |3 IT\ICCU\CFIV\218114  |z Seneca, Lucius Annaeus (4 a.C.-65) 
830 0 |a Centopaginemillelire ;  |v 33  |0 IT\ICCU\RAV\0196182 
942 |2 ddc  |c BK  |n 0 
952 |0 0  |1 0  |4 0  |6 DOC_188_000000000000000_SEN  |7 0  |9 17124  |a BO  |b BO  |d 2026-01-15  |i 14231  |l 0  |o DOC 188 SEN  |p BO14231  |r 2026-01-15 23:19:32  |w 2026-01-15  |x [Sebina 5] [1 v.]  |y BK  |z 1 v. 
999 |c 14622  |d 14622